[Event "DEM U10 2021"]
[Site "Willingen GER"]
[Date "2021.08.23"]
[Round "1"]
[White "Herrmann, Arthur"]
[Black "Heitmann, Erik"]
[Result "1-0"]
[Termination "normal"]
[Board "9"]
[WhiteElo "1191"]
[BlackElo "1262"]
[WhiteClock "01:08:34"]
[BlackClock "01:05:52"]
[PlyCount "69"]
[WhiteFideId "16287150"]
[BlackFideId "34608940"]
[EventCountry "GER"]
[EventRounds "11"]
[EventType "swiss"]
[EventDate "2021.08.22"]

1. e4 {[%clk 01:15:57]} {[%emt 00:00:02]} c5 {[%clk 01:15:58]} {[%emt
00:00:02]} 2. Nf3 {[%clk 01:16:21]} {[%emt 00:00:06]} d6 {[%clk 01:16:10]}
{[%emt 00:00:18]} 3. d4 {[%clk 01:16:47]} {[%emt 00:00:04]} cxd4 {[%clk
01:16:30]} {[%emt 00:00:11]} 4. Nxd4 {[%clk 01:17:12]} {[%emt 00:00:05]} Nf6
{[%clk 01:16:42]} {[%emt 00:00:17]} 5. Nc3 {[%clk 01:17:36]} {[%emt 00:00:06]}
a6 {[%clk 01:16:53]} {[%emt 00:00:19]} 6. Be3 {[%clk 01:17:55]} {[%emt
00:00:10]} e5 {[%clk 01:17:17]} {[%emt 00:00:07]} 7. Nb3 {[%clk 01:17:35]}
{[%emt 00:00:51]} Be6 {[%clk 01:17:26]} {[%emt 00:00:21]} 8. Be2 {[%clk
01:17:24]} {[%emt 00:00:41]} Be7 {[%clk 01:17:43]} {[%emt 00:00:12]} 9. O-O
{[%clk 01:17:19]} {[%emt 00:00:35]} O-O {[%clk 01:18:03]} {[%emt 00:00:11]} 10.
Bf3 {[%clk 01:15:48]} {[%emt 00:02:00]} Nc6 {[%clk 01:17:45]} {[%emt 00:00:48]}
11. Nd5 {[%clk 01:14:54]} {[%emt 00:01:25]} Nxd5 {[%clk 01:17:30]} {[%emt
00:00:45]} 12. exd5 {[%clk 01:14:55]} {[%emt 00:00:28]} Nd4 {[%clk 01:15:54]}
{[%emt 00:02:06]} 13. Bxd4 {[%clk 01:14:10]} {[%emt 00:01:15]} exd4 {[%clk
01:15:22]} {[%emt 00:01:03]} 14. dxe6 {[%clk 01:14:19]} {[%emt 00:00:21]} fxe6
{[%clk 01:14:31]} {[%emt 00:01:20]} 15. Nxd4 {[%clk 01:13:41]} {[%emt
00:01:08]} Qb6 {[%clk 01:13:58]} {[%emt 00:01:03]} 16. Nxe6 {[%clk 01:11:49]}
{[%emt 00:02:23]} Rf6 {[%clk 01:13:25]} {[%emt 00:01:03]} 17. Re1 {[%clk
01:09:24]} {[%emt 00:02:54]} Rf5 {[%clk 01:12:21]} {[%emt 00:01:35]} 18. Qd4
{[%clk 01:08:42]} {[%emt 00:01:12]} Qxd4 {[%clk 01:10:53]} {[%emt 00:01:58]}
19. Nxd4 {[%clk 01:09:05]} {[%emt 00:00:06]} Re5 {[%clk 01:10:34]} {[%emt
00:00:49]} 20. Bxb7 {[%clk 01:07:35]} {[%emt 00:02:01]} Rb8 {[%clk 01:08:07]}
{[%emt 00:02:58]} 21. Rxe5 {[%clk 01:07:38]} {[%emt 00:00:26]} dxe5 {[%clk
01:07:39]} {[%emt 00:00:58]} 22. Bd5+ {[%clk 01:07:37]} {[%emt 00:00:30]} Kh8
{[%clk 01:06:49]} {[%emt 00:00:56]} 23. Nc6 {[%clk 01:07:52]} {[%emt 00:00:40]}
Re8 {[%clk 01:06:22]} {[%emt 00:00:56]} 24. Nxe7 {[%clk 01:07:33]} {[%emt
00:00:50]} Rxe7 {[%clk 01:05:55]} {[%emt 00:00:56]} 25. Re1 {[%clk 01:07:25]}
{[%emt 00:00:37]} g5 {[%clk 01:05:55]} {[%emt 00:00:30]} 26. g3 {[%clk
01:07:05]} {[%emt 00:00:51]} Kg7 {[%clk 01:06:00]} {[%emt 00:00:24]} 27. f4
{[%clk 01:07:03]} {[%emt 00:00:33]} gxf4 {[%clk 01:06:13]} {[%emt 00:00:18]}
28. gxf4 {[%clk 01:07:25]} {[%emt 00:00:08]} Kf6 {[%clk 01:06:26]} {[%emt
00:00:16]} 29. Rxe5 {[%clk 01:07:35]} {[%emt 00:00:19]} Rxe5 {[%clk 01:06:23]}
{[%emt 00:00:34]} 30. fxe5+ {[%clk 01:07:57]} {[%emt 00:00:09]} Kxe5 {[%clk
01:06:38]} {[%emt 00:00:14]} 31. c4 {[%clk 01:08:12]} {[%emt 00:00:16]} Kd4
{[%clk 01:06:48]} {[%emt 00:00:19]} 32. b4 {[%clk 01:08:15]} {[%emt 00:00:28]}
h6 {[%clk 01:07:01]} {[%emt 00:00:17]} 33. Kf2 {[%clk 01:08:20]} {[%emt
00:00:25]} h5 {[%clk 01:07:00]} {[%emt 00:00:30]} 34. Kg3 {[%clk 01:08:32]}
{[%emt 00:00:18]} h4+ {[%clk 01:05:52]} {[%emt 00:01:38]} 35. Kxh4 {[%clk
01:08:34]} {[%emt 00:00:29]} 1-0

[Event "DEM U10 2021"]
[Site "Willingen GER"]
[Date "2021.08.23"]
[Round "1"]
[White "Guo, Felix"]
[Black "Aweh, Mads"]
[Result "1/2-1/2"]
[Termination "normal"]
[Board "10"]
[WhiteElo "1045"]
[BlackElo "1452"]
[WhiteClock "00:36:57"]
[BlackClock "00:36:33"]
[PlyCount "87"]
[WhiteFideId "16277104"]
[BlackFideId "34604278"]
[EventCountry "GER"]
[EventRounds "11"]
[EventType "swiss"]
[EventDate "2021.08.22"]

1. e4 {[%clk 01:15:58]} e6 {[%clk 01:15:27]} {[%emt 00:00:33]} 2. d4 {[%clk
01:15:02]} {[%emt 00:01:26]} d5 {[%clk 01:15:15]} {[%emt 00:00:43]} 3. Nc3
{[%clk 01:14:37]} {[%emt 00:00:55]} Nf6 {[%clk 01:15:14]} {[%emt 00:00:30]} 4.
e5 {[%clk 01:12:05]} {[%emt 00:03:03]} Nfd7 {[%clk 01:14:59]} {[%emt 00:00:45]}
5. Nf3 {[%clk 01:11:31]} {[%emt 00:01:04]} c5 {[%clk 01:14:24]} {[%emt
00:01:05]} 6. Be3 {[%clk 01:10:15]} {[%emt 00:01:46]} Nc6 {[%clk 01:13:44]}
{[%emt 00:01:09]} 7. Nb5 {[%clk 01:06:34]} {[%emt 00:04:13]} a6 {[%clk
01:12:37]} {[%emt 00:01:36]} 8. Nd6+ {[%clk 01:05:50]} {[%emt 00:01:14]} Bxd6
{[%clk 01:12:55]} {[%emt 00:00:11]} 9. exd6 {[%clk 01:06:09]} {[%emt 00:00:11]}
cxd4 {[%clk 01:12:43]} {[%emt 00:00:43]} 10. Nxd4 {[%emt 00:00:35]} Nf6 {[%clk
01:12:05]} {[%emt 00:01:06]} 11. Nxc6 {[%clk 01:04:17]} {[%emt 00:02:18]} bxc6
{[%clk 01:12:23]} {[%emt 00:00:13]} 12. Bc5 {[%clk 01:04:26]} {[%emt 00:00:20]}
Ne4 {[%clk 01:11:39]} {[%emt 00:01:14]} 13. Qd4 {[%clk 01:03:45]} {[%emt
00:01:11]} Qf6 {[%clk 01:08:33]} {[%emt 00:03:35]} 14. Qxf6 {[%clk 01:01:42]}
{[%emt 00:02:34]} Nxf6 {[%clk 01:08:39]} {[%emt 00:00:25]} 15. O-O-O {[%clk
01:01:35]} {[%emt 00:00:35]} Ne4 {[%clk 01:07:12]} {[%emt 00:01:58]} 16. Bd4
{[%clk 01:01:03]} {[%emt 00:01:02]} f6 {[%clk 01:05:58]} {[%emt 00:01:44]} 17.
f3 {[%clk 01:00:07]} {[%emt 00:01:26]} Nxd6 {[%clk 01:05:51]} {[%emt 00:00:38]}
18. Bd3 {[%clk 00:59:05]} {[%emt 00:01:32]} e5 {[%clk 01:02:15]} {[%emt
00:04:06]} 19. Rhe1 {[%clk 00:58:53]} {[%emt 00:00:42]} Kf7 {[%clk 01:01:29]}
{[%emt 00:01:14]} 20. Bc5 {[%clk 00:58:02]} {[%emt 00:01:23]} Nb5 {[%clk
00:59:47]} {[%emt 00:02:11]} 21. f4 {[%clk 00:54:52]} {[%emt 00:03:40]} e4
{[%clk 01:00:02]} {[%emt 00:00:15]} 22. Bxb5 {[%clk 00:54:19]} {[%emt
00:01:04]} axb5 {[%clk 01:00:17]} {[%emt 00:00:15]} 23. Kb1 {[%clk 00:49:28]}
{[%emt 00:05:21]} Bg4 {[%clk 00:57:36]} {[%emt 00:03:11]} 24. Rd2 {[%clk
00:48:54]} {[%emt 00:01:04]} Ke6 {[%clk 00:56:13]} {[%emt 00:01:52]} 25. h3
{[%clk 00:48:51]} {[%emt 00:00:34]} Bh5 {[%clk 00:55:52]} {[%emt 00:00:51]} 26.
g4 {[%clk 00:49:06]} {[%emt 00:00:16]} Bf7 {[%clk 00:56:00]} {[%emt 00:00:21]}
27. b3 {[%clk 00:48:15]} {[%emt 00:01:21]} f5 {[%clk 00:54:47]} {[%emt
00:01:43]} 28. g5 {[%clk 00:48:13]} {[%emt 00:00:32]} Rab8 {[%clk 00:54:08]}
{[%emt 00:01:08]} 29. Kb2 {[%clk 00:47:46]} {[%emt 00:00:57]} h6 {[%clk
00:52:43]} {[%emt 00:01:56]} 30. h4 {[%clk 00:47:37]} {[%emt 00:00:39]} hxg5
{[%clk 00:51:38]} {[%emt 00:01:35]} 31. hxg5 {[%clk 00:47:53]} {[%emt
00:00:15]} Bh5 {[%clk 00:51:16]} {[%emt 00:00:50]} 32. Rh1 {[%clk 00:47:43]}
{[%emt 00:00:41]} g6 {[%clk 00:51:21]} {[%emt 00:00:24]} 33. Bd4 {[%clk
00:46:57]} {[%emt 00:01:16]} Rh7 {[%clk 00:50:03]} {[%emt 00:01:47]} 34. Rdh2
{[%clk 00:46:10]} {[%emt 00:01:17]} Ra8 {[%clk 00:48:47]} {[%emt 00:01:47]} 35.
a3 {[%clk 00:45:32]} {[%emt 00:01:08]} Rb8 {[%clk 00:47:11]} {[%emt 00:02:07]}
36. Kc3 {[%clk 00:45:20]} {[%emt 00:00:41]} Rhb7 {[%clk 00:46:36]} {[%emt
00:01:05]} 37. Be5 {[%clk 00:44:24]} {[%emt 00:01:27]} Ra8 {[%clk 00:45:55]}
{[%emt 00:01:11]} 38. Kb4 {[%clk 00:43:54]} {[%emt 00:01:00]} Rba7 {[%clk
00:44:08]} {[%emt 00:02:17]} 39. Ra1 {[%clk 00:43:36]} {[%emt 00:00:47]} Rh7
{[%clk 00:41:24]} {[%emt 00:03:14]} 40. Rah1 {[%clk 00:42:44]} {[%emt
00:01:18]} Raa7 {[%clk 00:38:31]} {[%emt 00:03:28]} 41. Rh3 {[%clk 00:40:35]}
{[%emt 00:02:39]} Ra6 {[%clk 00:37:33]} {[%emt 00:01:27]} 42. R3h2 {[%clk
00:40:10]} {[%emt 00:00:55]} Kf7 {[%clk 00:37:55]} {[%emt 00:00:08]} 43. Kc5
{[%clk 00:37:36]} {[%emt 00:03:04]} Ke6 {[%clk 00:36:33]} {[%emt 00:01:52]} 44.
Kb4 {[%clk 00:36:57]} {[%emt 00:01:10]} 1/2-1/2

[Event "DEM U10 2021"]
[Site "Willingen GER"]
[Date "2021.08.23"]
[Round "1"]
[White "Rohatgi, Kushagra"]
[Black "Payyappat, Sayas"]
[Result "0-1"]
[Termination "normal"]
[Board "11"]
[WhiteElo "1473"]
[BlackElo "1233"]
[WhiteClock "00:43:49"]
[BlackClock "00:37:29"]
[PlyCount "148"]
[WhiteFideId "34603212"]
[BlackFideId "25659260"]
[EventCountry "GER"]
[EventRounds "11"]
[EventType "swiss"]
[EventDate "2021.08.22"]

1. e4 {[%clk 01:15:57]} {[%emt 00:00:03]} c5 {[%clk 01:15:55]} {[%emt
00:00:05]} 2. Nf3 {[%clk 01:16:23]} {[%emt 00:00:04]} d6 {[%clk 01:16:09]}
{[%emt 00:00:17]} 3. d4 {[%clk 01:16:44]} {[%emt 00:00:09]} cxd4 {[%clk
01:16:28]} {[%emt 00:00:11]} 4. Nxd4 {[%clk 01:17:02]} {[%emt 00:00:11]} Nf6
{[%clk 01:16:43]} {[%emt 00:00:16]} 5. Nc3 {[%clk 01:17:22]} {[%emt 00:00:10]}
a6 {[%clk 01:17:00]} {[%emt 00:00:13]} 6. Be2 {[%clk 01:17:17]} {[%emt
00:00:34]} e5 {[%clk 01:16:58]} {[%emt 00:00:32]} 7. Nf3 {[%clk 01:17:02]}
{[%emt 00:00:44]} Be6 {[%clk 01:14:38]} {[%emt 00:02:51]} 8. Bg5 {[%clk
01:16:49]} {[%emt 00:00:43]} Be7 {[%clk 01:13:50]} {[%emt 00:01:40]} 9. O-O
{[%clk 01:16:17]} {[%emt 00:01:01]} O-O {[%clk 01:13:39]} {[%emt 00:00:43]} 10.
h3 {[%clk 01:15:43]} {[%emt 00:01:03]} Nbd7 {[%clk 01:12:57]} {[%emt 00:01:12]}
11. Be3 {[%clk 01:14:35]} {[%emt 00:01:39]} Rc8 {[%clk 01:11:05]} {[%emt
00:02:21]} 12. Qd2 {[%clk 01:13:47]} {[%emt 00:01:18]} Nc5 {[%clk 01:10:53]}
{[%emt 00:00:42]} 13. Bxc5 {[%clk 01:13:26]} {[%emt 00:00:51]} Rxc5 {[%clk
01:10:57]} {[%emt 00:00:27]} 14. Rad1 {[%clk 01:12:32]} {[%emt 00:01:24]} Qc7
{[%clk 01:10:41]} {[%emt 00:00:44]} 15. a3 {[%clk 01:12:07]} {[%emt 00:00:58]}
Rb8 {[%clk 01:09:59]} {[%emt 00:01:09]} 16. Rfe1 {[%clk 01:11:23]} {[%emt
00:01:16]} b5 {[%emt 00:01:05]} 17. Bd3 {[%clk 01:09:28]} {[%emt 00:02:21]} Bc4
{[%clk 01:08:29]} {[%emt 00:01:27]} 18. Bxc4 {[%clk 01:09:00]} {[%emt
00:00:58]} Rxc4 {[%emt 00:00:40]} 19. Qd3 {[%clk 01:08:26]} {[%emt 00:00:59]}
h6 {[%clk 01:07:27]} {[%emt 00:01:27]} 20. Nd2 {[%clk 01:07:50]} {[%emt
00:01:07]} Rc5 {[%clk 01:07:22]} {[%emt 00:00:30]} 21. Re3 {[%clk 01:04:41]}
{[%emt 00:03:43]} b4 {[%clk 00:58:44]} {[%emt 00:09:10]} 22. axb4 {[%clk
01:03:13]} {[%emt 00:01:58]} Rxb4 {[%clk 00:57:50]} {[%emt 00:01:24]} 23. Nb3
{[%clk 01:00:46]} {[%emt 00:02:57]} Rcc4 {[%clk 00:57:24]} {[%emt 00:00:52]}
24. Qe2 {[%clk 00:59:01]} {[%emt 00:02:17]} a5 {[%clk 00:55:21]} {[%emt
00:02:35]} 25. Qe1 {[%clk 00:54:24]} {[%emt 00:05:05]} a4 {[%clk 00:52:38]}
{[%emt 00:03:15]} 26. Nd2 {[%clk 00:53:27]} {[%emt 00:01:27]} Rc5 {[%clk
00:51:35]} {[%emt 00:01:29]} 27. Rb1 {[%clk 00:51:36]} {[%emt 00:02:25]} Rc6
{[%clk 00:47:07]} {[%emt 00:04:58]} 28. Qe2 {[%clk 00:49:15]} {[%emt 00:02:50]}
Bd8 {[%clk 00:40:22]} {[%emt 00:07:15]} 29. Rf3 {[%clk 00:47:10]} {[%emt
00:02:36]} Qc8 {[%clk 00:39:50]} {[%emt 00:00:56]} 30. Rd3 {[%emt 00:06:25]}
Ba5 {[%clk 00:34:40]} {[%emt 00:01:04]} 31. Nd5 {[%clk 00:44:40]} {[%emt
00:01:47]} Nxd5 {[%clk 00:34:27]} {[%emt 00:00:43]} 32. Rxd5 {[%clk 00:44:23]}
{[%emt 00:00:46]} Qc7 {[%clk 00:33:34]} {[%emt 00:01:21]} 33. c3 {[%clk
00:44:14]} {[%emt 00:00:42]} Rb7 {[%clk 00:33:04]} {[%emt 00:00:59]} 34. Nc4
{[%clk 00:43:30]} {[%emt 00:01:14]} Bxc3 {[%clk 00:32:09]} {[%emt 00:01:25]}
35. Qd3 {[%clk 00:42:22]} {[%emt 00:01:38]} Rxc4 {[%clk 00:30:49]} {[%emt
00:01:52]} 36. bxc3 {[%clk 00:42:10]} {[%emt 00:00:41]} Rxb1+ {[%emt 00:00:33]}
37. Qxb1 {[%clk 00:42:19]} {[%emt 00:00:19]} Rxc3 {[%clk 00:31:12]} {[%emt
00:00:05]} 38. Qa2 {[%clk 00:41:35]} {[%emt 00:01:14]} a3 {[%clk 00:30:18]}
{[%emt 00:01:24]} 39. Kh2 {[%clk 00:41:01]} {[%emt 00:01:02]} Qc4 {[%clk
00:29:56]} {[%emt 00:00:52]} 40. Qxc4 {[%clk 00:40:35]} {[%emt 00:00:57]} Rxc4
{[%clk 00:30:19]} {[%emt 00:00:09]} 41. Ra5 {[%clk 00:40:34]} {[%emt 00:00:31]}
Rc3 {[%clk 00:30:11]} {[%emt 00:00:38]} 42. g3 {[%clk 00:40:29]} {[%emt
00:00:34]} Kf8 {[%clk 00:30:34]} {[%emt 00:00:07]} 43. Kg2 {[%clk 00:40:41]}
{[%emt 00:00:18]} Ke7 {[%clk 00:30:10]} {[%emt 00:00:54]} 44. Kf1 {[%clk
00:41:03]} {[%emt 00:00:08]} Kd7 {[%clk 00:30:16]} {[%emt 00:00:25]} 45. Ke2
{[%clk 00:41:02]} {[%emt 00:00:31]} Rc2+ {[%clk 00:30:08]} {[%emt 00:00:39]}
46. Kd3 {[%clk 00:41:05]} {[%emt 00:00:26]} Rxf2 {[%clk 00:30:17]} {[%emt
00:00:18]} 47. Kc4 {[%clk 00:40:39]} {[%emt 00:00:57]} a2 {[%clk 00:30:05]}
{[%emt 00:00:44]} 48. Kb3 {[%clk 00:40:52]} {[%emt 00:00:17]} Ke6 {[%clk
00:30:24]} {[%emt 00:00:10]} 49. g4 {[%clk 00:40:47]} {[%emt 00:00:36]} g5
{[%clk 00:30:33]} {[%emt 00:00:20]} 50. Ra6 {[%clk 00:40:56]} {[%emt 00:00:21]}
Rh2 {[%clk 00:30:53]} {[%emt 00:00:09]} 51. Ra5 {[%clk 00:40:54]} {[%emt
00:00:33]} Rxh3+ {[%emt 00:01:35]} 52. Kxa2 {[%clk 00:40:50]} {[%emt 00:00:33]}
Rg3 {[%clk 00:31:29]} {[%emt 00:00:11]} 53. Kb2 {[%clk 00:40:20]} {[%emt
00:01:00]} Rxg4 {[%clk 00:31:50]} {[%emt 00:00:10]} 54. Ra4 {[%clk 00:40:32]}
{[%emt 00:00:19]} h5 {[%clk 00:32:11]} {[%emt 00:00:09]} 55. Kc2 {[%clk
00:40:47]} {[%emt 00:00:14]} h4 {[%clk 00:32:35]} {[%emt 00:00:06]} 56. Kd3
{[%clk 00:41:02]} {[%emt 00:00:15]} h3 {[%clk 00:32:59]} {[%emt 00:00:06]} 57.
Ra1 {[%clk 00:41:15]} {[%emt 00:00:16]} Rh4 {[%clk 00:33:23]} {[%emt 00:00:06]}
58. Ke3 {[%clk 00:41:15]} {[%emt 00:00:31]} d5 {[%clk 00:33:21]} {[%emt
00:00:33]} 59. exd5+ {[%clk 00:41:32]} {[%emt 00:00:12]} Kxd5 {[%clk 00:33:47]}
{[%emt 00:00:05]} 60. Rh1 {[%clk 00:41:40]} {[%emt 00:00:21]} f5 {[%clk
00:34:04]} {[%emt 00:00:13]} 61. Kf3 {[%clk 00:42:01]} {[%emt 00:01:24]} e4+
{[%clk 00:34:18]} {[%emt 00:00:15]} 62. Kf2 {[%clk 00:42:20]} {[%emt 00:00:10]}
f4 {[%clk 00:34:41]} {[%emt 00:00:08]} 63. Ke2 {[%clk 00:42:41]} {[%emt
00:00:08]} g4 {[%clk 00:35:05]} {[%emt 00:00:07]} 64. Kf2 {[%clk 00:43:03]}
{[%emt 00:00:08]} g3+ {[%clk 00:35:26]} {[%emt 00:00:10]} 65. Kg1 {[%clk
00:43:19]} {[%emt 00:00:12]} e3 {[%clk 00:35:47]} {[%emt 00:00:10]} 66. Kf1
{[%clk 00:43:12]} {[%emt 00:00:37]} g2+ {[%clk 00:36:09]} {[%emt 00:00:09]} 67.
Kg1 {[%clk 00:43:33]} {[%emt 00:00:08]} f3 {[%clk 00:35:30]} {[%emt 00:01:09]}
68. Kh2 {[%clk 00:43:30]} {[%emt 00:00:32]} gxh1=Q+ {[%emt 00:00:56]} 69. Kxh1
{[%clk 00:43:06]} {[%emt 00:00:27]} Rg4 {[%clk 00:35:41]} {[%emt 00:00:21]} 70.
Kh2 {[%clk 00:43:26]} {[%emt 00:00:09]} f2 {[%clk 00:36:02]} {[%emt 00:00:10]}
71. Kxh3 {[%clk 00:43:37]} {[%emt 00:00:19]} Rg8 {[%clk 00:36:29]} {[%emt
00:00:02]} 72. Kh2 {[%clk 00:43:58]} {[%emt 00:00:10]} e2 {[%clk 00:36:54]}
{[%emt 00:00:05]} 73. Kh3 {[%clk 00:44:13]} {[%emt 00:00:14]} f1=Q+ {[%clk
00:37:09]} {[%emt 00:00:16]} 74. Kh2 {[%clk 00:43:49]} {[%emt 00:00:54]} Qg2#
{[%clk 00:37:29]} {[%emt 00:00:10]} 0-1

[Event "DEM U10 2021"]
[Site "Willingen GER"]
[Date "2021.08.23"]
[Round "1"]
[White "Moskalenko, Michael"]
[Black "Zhang, Yibo"]
[Result "0-1"]
[Termination "normal"]
[Board "12"]
[WhiteElo "1220"]
[BlackElo "1313"]
[WhiteClock "00:04:18"]
[BlackClock "00:57:20"]
[PlyCount "124"]
[WhiteFideId "34608877"]
[BlackFideId "16287657"]
[EventCountry "GER"]
[EventRounds "11"]
[EventType "swiss"]
[EventDate "2021.08.22"]

1. d4 {[%clk 01:15:59]} {[%emt 11:28:33]} d5 {[%clk 01:15:55]} {[%emt
00:00:06]} 2. c4 {[%clk 01:16:20]} {[%emt 00:00:09]} e6 {[%clk 01:16:20]}
{[%emt 00:00:04]} 3. Nf3 {[%clk 01:16:41]} {[%emt 00:00:09]} Nf6 {[%clk
01:16:33]} {[%emt 00:00:18]} 4. Bg5 {[%clk 01:16:21]} {[%emt 00:00:49]} Nbd7
{[%clk 01:16:30]} {[%emt 00:00:33]} 5. Nc3 {[%clk 01:16:23]} {[%emt 00:00:28]}
c6 {[%clk 01:16:51]} {[%emt 00:00:10]} 6. e3 {[%clk 01:14:36]} {[%emt
00:02:17]} Qa5 {[%clk 01:16:39]} {[%emt 00:00:42]} 7. Bf4 {[%clk 01:06:22]}
{[%emt 00:08:44]} Bb4 {[%clk 01:16:50]} {[%emt 00:00:19]} 8. Qc2 {[%clk
00:58:10]} {[%emt 00:08:42]} Ne4 {[%clk 01:17:04]} {[%emt 00:00:14]} 9. Rc1
{[%clk 00:57:31]} {[%emt 00:01:11]} Qxa2 {[%clk 01:16:58]} {[%emt 00:00:37]}
10. Nd2 {[%clk 00:52:51]} {[%emt 00:05:09]} Bxc3 {[%clk 01:15:26]} {[%emt
00:02:02]} 11. bxc3 {[%clk 00:52:41]} {[%emt 00:00:40]} Qxc2 {[%clk 01:15:33]}
{[%emt 00:00:22]} 12. Rxc2 {[%clk 00:53:03]} {[%emt 00:00:09]} Ndf6 {[%clk
01:15:51]} {[%emt 00:00:12]} 13. Be2 {[%clk 00:51:48]} {[%emt 00:01:45]} O-O
{[%clk 01:15:13]} {[%emt 00:01:08]} 14. Nxe4 {[%emt 00:00:42]} Nxe4 {[%clk
01:15:20]} {[%emt 00:00:20]} 15. O-O {[%clk 00:51:41]} {[%emt 00:00:28]} b6
{[%clk 01:11:12]} {[%emt 00:04:38]} 16. f3 {[%clk 00:51:17]} {[%emt 00:00:53]}
Nf6 {[%clk 01:11:13]} {[%emt 00:00:30]} 17. Ra2 {[%clk 00:50:32]} {[%emt
00:01:15]} dxc4 {[%clk 01:11:01]} {[%emt 00:00:42]} 18. Bxc4 {[%clk 00:50:23]}
{[%emt 00:00:38]} Nd5 {[%clk 01:11:26]} {[%emt 00:00:05]} 19. Bxd5 {[%clk
00:49:38]} {[%emt 00:01:15]} exd5 {[%clk 01:11:42]} {[%emt 00:00:15]} 20. Rfa1
{[%clk 00:49:31]} {[%emt 00:00:37]} a5 {[%clk 01:11:53]} {[%emt 00:00:19]} 21.
Rb1 {[%clk 00:49:46]} {[%emt 00:00:15]} b5 {[%clk 01:12:11]} {[%emt 00:00:11]}
22. Kf2 {[%clk 00:41:43]} {[%emt 00:08:33]} Bf5 {[%clk 01:11:43]} {[%emt
00:00:59]} 23. Rba1 {[%clk 00:41:23]} {[%emt 00:00:50]} a4 {[%clk 01:12:00]}
{[%emt 00:00:13]} 24. g4 {[%clk 00:40:17]} {[%emt 00:01:36]} Bd3 {[%clk
01:12:09]} {[%emt 00:00:20]} 25. Bd6 {[%clk 00:38:42]} {[%emt 00:02:04]} Rfd8
{[%clk 01:12:12]} {[%emt 00:00:29]} 26. Ba3 {[%clk 00:38:57]} {[%emt 00:00:15]}
Bc4 {[%clk 01:12:35]} {[%emt 00:00:07]} 27. Rd2 {[%clk 00:38:28]} {[%emt
00:00:59]} Re8 {[%clk 01:12:35]} {[%emt 00:00:30]} 28. Re1 {[%clk 00:36:05]}
{[%emt 00:03:34]} Re6 {[%clk 01:12:51]} {[%emt 00:00:32]} 29. h4 {[%clk
00:36:04]} {[%emt 00:00:32]} h6 {[%clk 01:12:43]} {[%emt 00:00:38]} 30. h5
{[%clk 00:35:43]} {[%emt 00:00:50]} g6 {[%clk 01:13:02]} {[%emt 00:00:12]} 31.
Rdd1 {[%clk 00:26:39]} {[%emt 00:09:32]} Rae8 {[%clk 01:12:40]} {[%emt
00:00:53]} 32. hxg6 {[%clk 00:25:40]} {[%emt 00:01:29]} fxg6 {[%clk 01:12:41]}
{[%emt 00:00:29]} 33. Rc1 {[%clk 00:25:10]} {[%emt 00:01:01]} Rf6 {[%clk
01:12:25]} {[%emt 00:00:46]} 34. Rg1 {[%clk 00:25:12]} {[%emt 00:00:27]} Kh7
{[%clk 01:08:10]} {[%emt 00:04:45]} 35. Rce1 {[%clk 00:25:01]} {[%emt
00:00:41]} Ree6 {[%clk 01:07:49]} {[%emt 00:00:51]} 36. Rg3 {[%clk 00:19:39]}
{[%emt 00:05:52]} Rf7 {[%clk 01:06:10]} {[%emt 00:02:09]} 37. Rh3 {[%clk
00:19:31]} {[%emt 00:00:38]} Ref6 {[%clk 01:06:06]} {[%emt 00:00:35]} 38. Reh1
{[%clk 00:19:01]} {[%emt 00:00:58]} Kg7 {[%clk 01:06:06]} {[%emt 00:00:31]} 39.
Rg1 {[%clk 00:18:33]} {[%emt 00:00:59]} Bd3 {[%clk 01:06:22]} {[%emt 00:00:13]}
40. Rgg3 {[%clk 00:17:45]} {[%emt 00:01:18]} Re6 {[%clk 01:05:24]} {[%emt
00:01:28]} 41. Rg1 {[%clk 00:17:55]} {[%emt 00:00:21]} Re4 {[%clk 01:05:23]}
{[%emt 00:00:31]} 42. Rgg3 {[%clk 00:17:03]} {[%emt 00:01:21]} Rf6 {[%clk
01:04:44]} {[%emt 00:01:10]} 43. Rg1 {[%clk 00:16:57]} {[%emt 00:00:36]} Re8
{[%clk 01:03:30]} {[%emt 00:01:44]} 44. Re1 {[%clk 00:15:30]} {[%emt 00:01:58]}
Rh8 {[%clk 01:03:13]} {[%emt 00:00:45]} 45. Rg1 {[%clk 00:14:35]} {[%emt
00:01:24]} Re6 {[%clk 01:02:47]} {[%emt 00:00:57]} 46. Re1 {[%clk 00:13:52]}
{[%emt 00:01:14]} h5 {[%clk 01:02:59]} {[%emt 00:00:18]} 47. gxh5 {[%clk
00:13:13]} {[%emt 00:00:43]} gxh5 {[%clk 01:03:28]} 48. Rg1+ {[%clk 00:13:28]}
{[%emt 00:00:41]} Kf7 {[%clk 01:03:30]} {[%emt 00:00:28]} 49. Rg5 {[%clk
00:12:57]} {[%emt 00:01:00]} Bg6 {[%clk 01:02:34]} {[%emt 00:01:27]} 50. Rg1
{[%clk 00:12:16]} {[%emt 00:01:11]} Kf6 {[%clk 01:01:38]} {[%emt 00:01:27]} 51.
Rhg3 {[%clk 00:12:03]} {[%emt 00:00:43]} Bf5 {[%clk 01:01:20]} {[%emt
00:00:47]} 52. f4 {[%clk 00:11:11]} {[%emt 00:01:22]} h4 {[%clk 00:58:46]}
{[%emt 00:03:05]} 53. R3g2 {[%clk 00:10:37]} {[%emt 00:01:04]} h3 {[%clk
00:58:43]} {[%emt 00:00:32]} 54. Rh2 {[%clk 00:10:57]} {[%emt 00:00:10]} Kf7
{[%clk 00:58:32]} {[%emt 00:00:41]} 55. Rg5 {[%clk 00:11:00]} {[%emt 00:00:27]}
Be4 {[%clk 00:57:00]} {[%emt 00:02:02]} 56. Rg3 {[%clk 00:11:03]} {[%emt
00:00:27]} Reh6 {[%clk 00:57:18]} {[%emt 00:00:13]} 57. Rg4 {[%clk 00:10:16]}
{[%emt 00:01:16]} Bg2 {[%clk 00:57:10]} {[%emt 00:00:38]} 58. Rg3 {[%clk
00:10:28]} {[%emt 00:00:19]} Rg6 {[%clk 00:57:07]} {[%emt 00:00:34]} 59. Rxg6
{[%clk 00:05:20]} {[%emt 00:05:37]} Kxg6 {[%clk 00:57:15]} {[%emt 00:00:22]}
60. Bb4 {[%clk 00:04:46]} {[%emt 00:01:05]} Kf5 {[%clk 00:56:51]} {[%emt
00:00:53]} 61. Ba3 {[%clk 00:04:13]} {[%emt 00:01:03]} Ke4 {[%clk 00:56:58]}
{[%emt 00:00:23]} 62. Ke2 {[%clk 00:04:18]} {[%emt 00:00:26]} Rg8 {[%clk
00:57:20]} {[%emt 00:00:07]} 0-1